Quizzes
Events
Quiz Creation
Community
Videos
Private Events
Remove Ads
Sign In
Join for FREE
Feedback
Dark Mode
Quiz Categories
Sports
Geography
Music
Movies
Television
Just For Fun
Miscellaneous
History
Literature
Language
Science
Gaming
Entertainment
Religion
Holiday
For Kids
Quiz Lab
Recent
Popular Today
Quiz Kudos Today
Editor Picks
Curator Picks
Quizzes by...
Day
Popularity
Type
Ratings
Length
Year
Community
Subscriptions
Recent Discussions
Orange Saloon
Badges
Playlists
Quests
Create
Leaderboards
Showdown
Live 5
Trivia Bingo
Activity
Puzzle Library
Sporcle Events
Private Events
Virtual Trivia
Globe League
Become a Host
Pub Owners
SporcleCon
Opinionation
Our Games
Videos
Blog
Mobile Apps
Partnerships
Remove Ads and Go Orange
Feedback
Sports
Athletes
MLB
NBA
NHL
NFL
Soccer
Sports Teams
WWE
NCAA
Football
Premier League
Basketball
Baseball
Hockey
Golf
Tennis
Cricket
Rugby
Auto Racing
Olympics
World Cup
Sports
Athletes
MLB
NBA
NHL
NFL
Soccer
Sports Teams
WWE
NCAA
Football
Premier League
Basketball
Baseball
Hockey
Golf
Tennis
Cricket
Rugby
Auto Racing
Olympics
World Cup
Random Quiz
Search Sporcle
×
Quiz Lab
Quiz Lab
Sports
Football
Type in answers that appear in a list
Type in answers that appear in a list
Classic
Best Score? Go Orange.
Members of FIFA Stats
Can you name the members of FIFA?
By
ScotsStevie
20m
211 Questions
123 Plays
123 Plays
123 Plays
Comments
Comments
Give Quiz Kudos
Give Quiz Kudos
-
- Ratings
hide this ad
More Info
Replay
Link that replays current quiz
Next Quiz
Link to next quiz in quiz playlist
You Got
0%
They Got
Avg Score
79%
Avg Friend Score
Upgrade to see
Score Distribution
Jump to the score distribution portion of the page
Score
0/211
Timer
20:00
0
Plays Today
Confederation
Country
% Correct
CONMEBOL
Argentina
97.6%
CONMEBOL
Brazil
95.1%
UEFA
Austria
95.1%
UEFA
Belgium
95.1%
CONCACAF
Canada
94.3%
CONCACAF
United States of America
94.3%
UEFA
Albania
94.3%
UEFA
Northern Ireland
94.3%
UEFA
Russia
94.3%
AFC
Australia
93.5%
CONCACAF
Honduras
93.5%
UEFA
Denmark
93.5%
UEFA
Germany
93.5%
CONMEBOL
Colombia
92.7%
CONMEBOL
Uruguay
92.7%
UEFA
Finland
92.7%
UEFA
France
92.7%
AFC
China PR
91.9%
CAF
Algeria
91.9%
UEFA
Azerbaijan
91.9%
UEFA
England
91.9%
UEFA
Italy
91.9%
UEFA
Sweden
91.9%
CONMEBOL
Paraguay
91.1%
UEFA
Andorra
91.1%
UEFA
Scotland
91.1%
UEFA
Wales
91.1%
CONCACAF
Mexico
90.2%
CONMEBOL
Peru
90.2%
UEFA
Latvia
90.2%
UEFA
Norway
90.2%
UEFA
Republic of Ireland
90.2%
CONCACAF
Costa Rica
89.4%
CONMEBOL
Chile
89.4%
CONMEBOL
Venezuela
89.4%
OFC
New Zealand
89.4%
UEFA
Bosnia-Herzegovina
89.4%
UEFA
Bulgaria
89.4%
UEFA
Estonia
89.4%
UEFA
Greece
89.4%
UEFA
Netherlands
89.4%
UEFA
Portugal
89.4%
CONMEBOL
Bolivia
88.6%
CONMEBOL
Ecuador
88.6%
UEFA
Armenia
88.6%
UEFA
Belarus
88.6%
UEFA
Israel
88.6%
UEFA
Turkey
88.6%
AFC
Afghanistan
87.8%
UEFA
Croatia
87.8%
UEFA
Lithuania
87.8%
UEFA
Luxembourg
87.8%
UEFA
Montenegro
87.8%
UEFA
Poland
87.8%
UEFA
Serbia
87.8%
AFC
India
87%
AFC
Iran
87%
AFC
Iraq
87%
CONCACAF
Belize
87%
CONCACAF
Haiti
87%
UEFA
Hungary
87%
UEFA
Iceland
87%
UEFA
Slovakia
87%
UEFA
Slovenia
87%
AFC
Korea DPR
86.2%
AFC
United Arab Emirates
86.2%
CAF
Angola
86.2%
CAF
Egypt
86.2%
UEFA
Czech Republic
86.2%
UEFA
Spain
86.2%
UEFA
Ukraine
86.2%
Confederation
Country
% Correct
AFC
Korea Republic
85.4%
CONCACAF
El Salvador
85.4%
CONCACAF
Jamaica
85.4%
CONCACAF
Panama
85.4%
UEFA
Cyprus
85.4%
UEFA
Switzerland
85.4%
AFC
Indonesia
84.6%
AFC
Japan
84.6%
CONCACAF
Antigua and Barbuda
84.6%
CONCACAF
Bahamas
84.6%
UEFA
Georgia
84.6%
UEFA
Liechtenstein
84.6%
UEFA
Romania
84.6%
UEFA
San Marino
84.6%
CAF
Cameroon
83.7%
CAF
Congo
83.7%
CONCACAF
Cuba
83.7%
UEFA
Kosovo
83.3%
AFC
Oman
82.9%
CONCACAF
Trinidad and Tobago
82.9%
AFC
Mongolia
82.1%
AFC
Uzbekistan
82.1%
CAF
Morocco
82.1%
CONCACAF
Dominica
82.1%
CONCACAF
Guatemala
82.1%
UEFA
Kazakhstan
82.1%
AFC
Chinese Taipei
81.3%
AFC
Turkmenistan
81.3%
CAF
Niger
81.3%
CAF
Tunisia
81.3%
CAF
Zimbabwe
81.3%
CONCACAF
Dominican Republic
81.3%
CONCACAF
Nicaragua
81.3%
UEFA
Moldova
81.3%
AFC
Bahrain
80.5%
AFC
Cambodia
80.5%
AFC
Laos
80.5%
AFC
Saudi Arabia
80.5%
AFC
Yemen
80.5%
CAF
Nigeria
80.5%
CAF
South Africa
80.5%
CAF
Sudan
80.5%
CAF
Togo
80.5%
CONCACAF
Barbados
80.5%
CONCACAF
Guyana
80.5%
UEFA
North Macedonia
80.5%
CAF
Central African Republic
79.7%
CAF
Ethiopia
79.7%
CAF
Ghana
79.7%
CAF
Guinea
79.7%
AFC
Lebanon
78.9%
AFC
Qatar
78.9%
AFC
Vietnam
78.9%
CAF
Chad
78.9%
CAF
Libya
78.9%
AFC
Malaysia
78%
AFC
Pakistan
78%
CAF
Ivory Coast
78%
CAF
South Sudan
78%
CAF
Zambia
78%
UEFA
Malta
78%
CAF
Benin
77.2%
OFC
Samoa
77.2%
AFC
Jordan
76.4%
AFC
Tajikistan
76.4%
CAF
Mali
76.4%
OFC
Fiji
76.4%
AFC
Bangladesh
75.6%
AFC
Bhutan
75.6%
AFC
Kuwait
75.6%
CAF
Botswana
75.6%
Confederation
Country
% Correct
CAF
Kenya
75.6%
CAF
Senegal
75.6%
CONCACAF
Bermuda
75.6%
OFC
Papua New Guinea
75.6%
OFC
Vanuatu
75.6%
AFC
Kyrgyzstan
74.8%
AFC
Philippines
74.8%
AFC
Thailand
74.8%
CAF
Eritrea
74.8%
CONCACAF
Saint Kitts and Nevis
74.8%
UEFA
Faroe Islands
74.8%
CAF
Comoros
74%
CAF
Congo DR
74%
CONCACAF
Saint Lucia
74%
CONCACAF
Suriname
74%
UEFA
Gibraltar
73.3%
CAF
Guinea-Bissau
73.2%
CAF
Madagascar
73.2%
CAF
Rwanda
73.2%
CAF
Somalia
73.2%
CAF
Tanzania
73.2%
AFC
Maldives
72.4%
AFC
Sri Lanka
72.4%
CAF
Mauritania
72.4%
CAF
Mauritius
72.4%
CONCACAF
Aruba
72.4%
CONCACAF
Saint Vincent and the Grenadines
72.4%
AFC
Nepal
71.5%
CAF
Burkina Faso
71.5%
CAF
Burundi
71.5%
CAF
Lesotho
71.5%
OFC
Solomon Islands
71.5%
OFC
Tonga
71.5%
AFC
Myanmar
70.7%
AFC
Palestine
70.7%
AFC
Syria
70.7%
CAF
Gabon
70.7%
CAF
Gambia
70.7%
CAF
Djibouti
69.9%
CAF
Malawi
69.9%
CAF
Swaziland
69.9%
CONCACAF
Grenada
69.9%
CAF
Cape Verde
69.1%
CAF
Equatorial Guinea
69.1%
CAF
Liberia
69.1%
AFC
Brunei Darussalam
68.3%
AFC
Singapore
68.3%
CAF
Namibia
68.3%
CAF
Uganda
68.3%
CAF
Seychelles
67.5%
AFC
Guam
66.7%
AFC
Hong Kong
65%
AFC
East Timor
65%
OFC
American Samoa
64.2%
CAF
Mozambique
63.4%
CAF
Sao Tome and Principe
63.4%
CAF
Sierra Leone
63.4%
CONCACAF
United States Virgin Islands
61.8%
CONCACAF
British Virgin Islands
61%
CONCACAF
Puerto Rico
61%
CONCACAF
Curacao
57.7%
CONCACAF
Anguilla
56.1%
CONCACAF
Montserrat
54.5%
OFC
Cook Islands
53.7%
OFC
New Caledonia
52.8%
OFC
Tahiti
52.8%
AFC
Macau
50.4%
CONCACAF
Cayman Islands
50.4%
CONCACAF
Turks and Caicos Islands
48.8%
Quiz Playlist
Details
Report
Send in Message
Add To Playlist
More Info:
Updated to 2020
Classic:
Type in answers that appear in a list
Quiz Source
Last Updated: Jun 16, 2020
Quiz Scoreboard
CHALLENGE
Sign Up to Join the Scoreboard
Show All
Scores
Hide
Comments
May contain spoilers
Recently Published
Movies - When Are They Set?
by FPL_Elf
Movies
5m
Popular People in 1961
by mucciniale
History
6m
1-10 Letter E Words III
by El_Dandy
Language
2m
More to Explore
Quiz From the Vault
Featured Blog Post
Where Did the Easter Bunny Come From?
hide this ad
You Might Also Like...
Tags
Football Quiz
countries
FIFA
Today's Top Quizzes in Sports
Browse Sports
hide this ad
Today's Top Quizzes in Football
Browse Football
Top Contributed Quizzes in Sports
1
Les meilleurs buteurs des matchs entre le PSG et l’OM
2
FIFA Club World Cup Champions
3
Les entraîneurs de l'OM et du PSG au 21e siècle
4
2022 World Cup Stars
5
Name the Premier League winners with different clubs
6
La finale Lions - Afrique du Sud 2021
7
Criteria MLB: Left Handed Sluggers
8
Les joueurs passés par le LOSC et le RC Lens
9
Players with Multiple 50 Home Run Seasons
10
MLB Players with Two .350 Batting Average Seasons
Explore More
Trending Topics
Disney
NBA
Harry Potter
Anime
Marvel
Kpop
Crossword
Soccer
Pokémon
Puzzle
NFL
The Office
Song
Country
WWE
hide this ad
More By:
ScotsStevie
Quiz
Plays
Rating
Category
Featured
Created
European Cup Semi-Finalists
610
4.17
Sports
Jul 4, 2013
SPFL Managers
280
5.00
Sports
Oct 16, 2014
Members of FIFA
123
5.00
Sports
Jul 11, 2014
World Cup Scores 2014
119
5.00
Sports
Aug 21, 2014
Official Country Names
42
5.00
Geography
May 5, 2014
Go to Creator's Profile
Score Distribution
Quiz Creator Spotlight
ScotsStevie
Follow
Send a Message
Quizzes Created
-
Created Quiz Play Count
-
More By This Creator
Popular Quizzes Today
1
Find the US States - No Outlines Minefield
2
Find the Countries of Europe - No Outlines Minefield
3
The Countries of the World
4
Popular People in 1961
5
1-10 Letter E Words III
6
US States
7
Find the US States
8
One Thing in Common: World Cities II
More Sports Quizzes
Olympics Crossword Puzzle
Quiz Lab
Trending Quizzes
Risky Map Clicking: Least Populous States A-Z
1-10 Letter F Words
Humor Books: The Subtitles
1-10 Letter G Words
One Thing in Common: United Kingdom
Recently Updated
Leaping Animals
pecheneg
Reality TV Shows (A-Z)
bhenderson79
Rickey Henderson's Hall of Fame Teammates
pecheneg
Champions League XIs: Arsenal
pecheneg
Quick Pick: Celebrities in WWE's Hall of Fame
aduchscher
A-Z Keypad Blitz II
pecheneg
Multiple Oscar Actors
pecheneg
Mystery Phrase Blitz: Oscar 'Best Actors'
pecheneg
F. Scott Fitzgerald Novels
LTH
Pick 3 Villains
ddd62291
Trending Topics
Harry Potter
Crossword
NBA
Marvel
Disney
Kpop
Anime
WWE
The Office
Country
Song
Soccer
Pokémon
NFL
Puzzle
Your Account Isn't Verified!
In order to create a playlist on Sporcle, you need to verify the email address you used during registration. Go to your
Sporcle Settings
to finish the process.
Report this User
Report this user for behavior that violates our
Community Guidelines
.
Details:
Send Report
Go to the Sporcle.com Mobile Site →
Comments